Physics of Materials (Record no. 173991)

MARC details
000 -LEADER
fixed length control field 00599nam a22002057a 4500
005 - DATE AND TIME OF LATEST TRANSACTION
control field 20200313144340.0
010 ## - LCCN (DPL NO)
LC control number ENG-128027
020 ## - INTERNATIONAL STANDARD BOOK NUMBER
International Standard Book Number 9789353942656
Terms of availability 379.00
035 ## - SYSTEM CONTROL NUMBER
System control number EN-111559
037 ## - SOURCE OF ACQUISITION
Source of stock number/acquisition DBAD/PUB
082 ## - DEWEY DECIMAL CLASSIFICATION NUMBER
Classification number 531
100 ## - MAIN ENTRY--PERSONAL NAME
Personal name K.Sivakumar
245 ## - TITLE STATEMENT
Title Physics of Materials
Statement of responsibility, etc by K.Sivakumar [and] K.Sakthivel
250 ## - EDITION STATEMENT
Edition statement 4th.
260 ## - PUBLICATION, DISTRIBUTION, ETC. (IMPRINT)
Place of publication, distribution, etc Noida
Name of publisher, distributor, etc Pearson
Date of publication, distribution, etc 2020
270 ## - ADDRESS
Address 15th floor,Tower-B,World Trade Tower,plot no.1,Block-c,sector 16
City Noida
Postal code 201301
300 ## - PHYSICAL DESCRIPTION
Extent various pages
Dimensions 24cm(pbk)
700 ## - ADDED ENTRY--PERSONAL NAME
Personal name Sakthivel,K
942 ## - ADDED ENTRY ELEMENTS (KOHA)
Source of classification or shelving scheme Dewey Decimal Classification
Item type English Books
Classification part 531
Call number suffix SIV
Holdings
Withdrawn status Lost status Not for loan Collection code Home library Current library Date acquired Source of acquisition Cost, normal purchase price Full call number Barcode Copy number Cost, replacement price Koha item type
      Non-fiction Central Library Central Library 13/03/2020 DBAD/PUB 379.00 531 SIV EN-111559 1 379.00 English Books

© Delhi Public Library
Hit Counter
free hit counter